[Event "ESP-chT Regional U14"]
[Site "Padron"]
[Date "2017.06.23"]
[Round "3.4"]
[White "Quintas Fernandez, Paula"]
[Black "Periotto Miori, Caterina"]
[Result "1-0"]
[WhiteElo "1331"]
[BlackElo "1275"]
[PlyCount "111"]
[EventDate "2017.06.22"]
[EventType "team"]
[EventRounds "6"]
[EventCountry "ESP"]
[SourceTitle "EXT 2018"]
[Source "ChessBase"]
[SourceDate "2017.10.13"]
[SourceVersion "1"]
[SourceVersionDate "2017.10.13"]
[SourceQuality "1"]
[WhiteTeam "Galicia (U14)"]
[BlackTeam "Castilla La Mancha (U14)"]
[WhiteTeamCountry "ESP"]
[BlackTeamCountry "ESP"]

1. e4 c5 2. Nf3 d6 3. d4 cxd4 4. Nxd4 Nf6 5. Nc3 a6 6. Nf3 e6 7. Bc4 Be7 8. a4 0-0 9. 0-0 Nbd7 10. Bg5 Qc7 11. Qe2 b6 12. Rfd1 Bb7 13. Rd2 Rfd8 14. Rad1 h6 15. Bh4 Ne5 16. Nxe5 dxe5 17. Rxd8+ Bxd8 18. Bxf6 Bxf6 19. b3 Bg5 20. Rd3 Rd8 21. Rxd8+ Bxd8 22. Qd3 Bg5 23. g3 Qc6 24. h4 Be7 25. f3 Bc5+ 26. Kg2 Bd4 27. Ne2 Qc5 28. c3 Be3 29. b4 Qc6 30. Bb3 Bc5 31. bxc5 Qxc5 32. Bc4 a5 33. Bb5 Qe7 34. Qd7 Qxd7 35. Bxd7 Ba6 36. Bb5 Bxb5 37. axb5 Kf8 38. c4 Ke7 39. Nc3 Kd6 40. Na4 g6 41. Nxb6 Kc5 42. Na4+ Kd6 43. b6 Kd7 44. c5 Kc6 45. Kf2 f5 46. Ke3 g5 47. exf5 exf5 48. hxg5 hxg5 49. g4 fxg4 50. fxg4 Kb7 51. Ke4 Kc6 52. Kxe5 Kb5 53. b7 Kxa4 54. b8Q Ka3 55. Qa8 Kb4 56. c6 1-0

[Event "ESP-chT Regional U14"]
[Site "Padron"]
[Date "2017.06.22"]
[Round "1.4"]
[White "Hernandez Guerra, Luna Yue"]
[Black "Periotto Miori, Caterina"]
[Result "1-0"]
[WhiteElo "1535"]
[BlackElo "1275"]
[PlyCount "55"]
[EventDate "2017.06.22"]
[EventType "team"]
[EventRounds "6"]
[EventCountry "ESP"]
[SourceTitle "EXT 2018"]
[Source "ChessBase"]
[SourceDate "2017.10.13"]
[SourceVersion "1"]
[SourceVersionDate "2017.10.13"]
[SourceQuality "1"]
[WhiteTeam "Canarias (U14)"]
[BlackTeam "Castilla La Mancha (U14)"]
[WhiteTeamCountry "ESP"]
[BlackTeamCountry "ESP"]

1. e4 c5 2. Nf3 d6 3. d4 cxd4 4. Nxd4 Nf6 5. Nc3 a6 6. Be2 e5 7. Nb3 Be6 8. f4 Be7 9. 0-0 0-0 10. f5 Bxb3 11. axb3 Nbd7 12. Qe1 b5 13. Bf3 b4 14. Ne2 a5 15. Qg3 Re8 16. Qh3 Qb6+ 17. Kh1 Qc6 18. c4 Nc5 19. Ng3 Nxb3 20. Nh5 Qxc4 21. Kg1 Nxa1 22. Qg3 Nxh5 23. Bxh5 Nb3 24. Bh6 Bf8 25. Bxg7 Qd4+ 26. Kh1 Rec8 27. Bf6+ Bg7 28. Qxg7# 1-0

[Event "Madrid San Viator op-B 27th"]
[Site "Madrid"]
[Date "2016.10.12"]
[Round "4"]
[White "Periotto Miori, Caterina"]
[Black "Fernandez Munoz, Jesus Norberto"]
[Result "1-0"]
[WhiteElo "1151"]
[BlackElo "1435"]
[PlyCount "111"]
[EventDate "2016.09.25"]
[EventType "swiss"]
[EventRounds "9"]
[EventCountry "ESP"]
[SourceTitle "EXT 2017"]
[Source "ChessBase"]
[SourceDate "2016.10.25"]
[SourceVersion "1"]
[SourceVersionDate "2016.10.25"]
[SourceQuality "1"]

1. Nf3 Nc6 2. c4 e5 3. Nc3 Nf6 4. d4 exd4 5. Nxd4 Bb4 6. Bg5 0-0 7. e3 Bxc3+ 8. bxc3 h6 9. Bh4 g5 10. Bg3 d6 11. Bd3 Nxd4 12. cxd4 Bg4 13. f3 Bh5 14. h3 Bg6 15. Qc2 Re8 16. Bf2 Bxd3 17. Qxd3 Nh5 18. 0-0 Qf6 19. Rae1 Rad8 20. Rb1 b6 21. Rb5 Ng7 22. Bg3 c6 23. Rbb1 Nf5 24. Bf2 Qg6 25. Qd2 h5 26. g4 hxg4 27. hxg4 Nh6 28. Bg3 f5 29. Qd3 Rf8 30. Qe2 Rde8 31. Rbe1 f4 32. Bf2 fxe3 33. Bxe3 Nf7 34. Qf2 Nh6 35. Qh2 Kg7 36. Qh5 Qxh5 37. gxh5 Nf7 38. Kf2 d5 39. cxd5 cxd5 40. Rh1 Kh6 41. f4 Nd6 42. Reg1 Ne4+ 43. Kf3 Rg8 44. fxg5+ Nxg5+ 45. Kf2 Ref8+ 46. Ke2 Rf5 47. Kd2 Kh7 48. Ke2 b5 49. h6 Re8 50. Kd3 Rg8 51. Rh5 Rf3 52. Rgxg5 Re8 53. Re5 Rg8 54. Re7+ Kg6 55. Rg5+ Kxh6 56. Rxg8+ 1-0

[Event "Madrid San Viator op-B 27th"]
[Site "Madrid"]
[Date "2016.10.09"]
[Round "3"]
[White "Perez Perez, Marta"]
[Black "Periotto Miori, Caterina"]
[Result "0-1"]
[WhiteElo "1392"]
[BlackElo "1151"]
[PlyCount "130"]
[EventDate "2016.09.25"]
[EventType "swiss"]
[EventRounds "9"]
[EventCountry "ESP"]
[SourceTitle "EXT 2017"]
[Source "ChessBase"]
[SourceDate "2016.10.25"]
[SourceVersion "1"]
[SourceVersionDate "2016.10.25"]
[SourceQuality "1"]

1. e4 c5 2. Nf3 d6 3. d4 cxd4 4. Nxd4 Nf6 5. Nc3 a6 6. f3 e5 7. Nb3 Be6 8. Be3 Nbd7 9. Qd2 Be7 10. Be2 0-0 11. 0-0 b5 12. Kh1 b4 13. Nd5 Bxd5 14. exd5 a5 15. Qd3 Nb6 16. Bxb6 Qxb6 17. Rad1 Rfc8 18. Nd2 Qc5 19. Nc4 Nd7 20. Qe4 Nf6 21. Qd3 Nh5 22. g3 Bg5 23. Qf5 h6 24. f4 g6 25. Qd3 exf4 26. Bxh5 gxh5 27. gxf4 Qxc4 28. Qxc4 Rxc4 29. fxg5 hxg5 30. Rd2 Re8 31. Kg2 Rg4+ 32. Kh1 Rge4 33. Rg1 f6 34. Rf1 Kg7 35. Rff2 Kg6 36. Rg2 Re1+ 37. Rg1 R1e2 38. Rg2 Re1+ 39. Rg1 R8e2 40. Rxe2 Rxe2 41. Rc1 Rd2 42. Kg1 Rxd5 43. Kg2 f5 44. Kg1 Re5 45. c3 f4 46. cxb4 axb4 47. a3 bxa3 48. bxa3 g4 49. a4 Ra5 50. Rd1 d5 51. Rd4 Kf5 52. Kf2 Ke5 53. Rd3 Rxa4 54. Rd2 h4 55. Re2+ Re4 56. Rd2 g3+ 57. hxg3 fxg3+ 58. Kg2 d4 59. Kh3 Kf5 60. Kg2 Kg4 61. Rb2 h3+ 62. Kf1 Rf4+ 63. Kg1 Re4 64. Kf1 d3 65. Rd2 g2+ 0-1